| 000 | 00729cab a2200241 4500 | ||
|---|---|---|---|
| 001 | ABS48745 | ||
| 008 | 090401t1993 xxu||||| |||| 00| 0 eng d | ||
| 035 | _a(Sirsi) u68387 | ||
| 041 | _aeng | ||
| 100 | _aCole, M. | ||
| 245 | _aChalking one up in Brighton | ||
| 260 | _c1993 | ||
| 350 | _a0 | ||
| 490 |
_aConstruction News _v(6314) 13 May 1993, 40-41(2) |
||
| 520 | _aDiscusses the Brighton and Hove bypass which is nearing completion. The tunnel has been excavated using the New Austrian Tunnelling Method. | ||
| 650 | _aBYPASS | ||
| 650 | _aNEW AUSTRIAN TUNNELLING METHOD | ||
| 650 | _aROAD CONSTRUCTION | ||
| 650 | _aTUNNELLING | ||
| 690 | _aTRANSPORT AND COMMUNICATIONS | ||
| 942 | _n0 | ||
| 948 | _c04/03/1997 | ||
| 999 |
_c42907 _d42907 |
||